书目信息 |
| 题名: |
汉英文字比较研究
|
|
| 作者: | 蔡勇飞 , 王之光 著 | |
| 分册: | ||
| 出版信息: | 杭州 浙江大学出版社 2005 |
|
| 页数: | 12,239页 | |
| 开本: | 21cm | |
| 丛书名: | ||
| 单 册: | ||
| 中图分类: | H312 | |
| 科图分类: | ||
| 主题词: | 汉字--对比研究--英文 , 汉字 , 英文 | |
| 电子资源: | ||
| ISBN: | 7-308-04272-3 | |
| 000 | 00999nam0 2200265 450 | |
| 001 | 003004567 | |
| 005 | 20061118173107.20 | |
| 010 | @a7-308-04272-3@dCNY32.00 | |
| 100 | @a20050919d2005 emky0chiy0110 ea | |
| 101 | 0 | @achi@aeng |
| 102 | @aCN@b330000 | |
| 105 | @ay z 000yy | |
| 200 | 1 | @a汉英文字比较研究@9han ying wen zi bi jiao yan jiu@dA comparative study of written Chinese and English@f蔡勇飞,王之光著@zeng |
| 210 | @a杭州@c浙江大学出版社@d2005 | |
| 215 | @a12,239页@d21cm | |
| 330 | @a本书着重说明了汉英文字的发展变化,阐明汉英文字都具有表形、表音、表义的共性和各自差异。本书还从汉英文字的简化和词语编略的文字形式上加以论述,揭示了两种文字各自的优点和不足等。 | |
| 510 | 1 | @aComparative study of written Chinese and English@zeng |
| 606 | 0 | @a汉字@x对比研究@x英文 |
| 606 | 0 | @a汉字 |
| 606 | 0 | @a英文 |
| 690 | @aH312@v4 | |
| 701 | 0 | @a蔡勇飞@9cai yong fei@f(1931~)@4著 |
| 701 | 0 | @a王之光@9wang zhi guang@f(1960~)@4著 |
| 801 | 0 | @aCN@bNLC@c20061118 |
| 905 | @a10447@dH312@e2 | |
| 汉英文字比较研究=A comparative study of written Chinese and English/蔡勇飞,王之光著.-杭州:浙江大学出版社,2005 |
| 12,239页;21cm |
| ISBN 7-308-04272-3:CNY32.00 |
| 本书着重说明了汉英文字的发展变化,阐明汉英文字都具有表形、表音、表义的共性和各自差异。本书还从汉英文字的简化和词语编略的文字形式上加以论述,揭示了两种文字各自的优点和不足等。 |
| ● |
| 相关链接 |
|
|
|
|
正题名:汉英文字比较研究
索取号:H312/2
 
预约/预借
| 序号 | 登录号 | 条形码 | 馆藏地/架位号 | 状态 | 备注 |
| 1 | 0392241 | 203922416 | 第二样本阅览室/ [索取号:H312/2] | 在馆 | |
| 2 | 0392242 | 203922425 | 第四借阅区/ [索取号:H312/2] | 在馆 | |
| 3 | 0392243 | 203922434 | 第四借阅区/ [索取号:H312/2] | 在馆 | |
| 4 | 0392244 | 203922443 | 第四借阅区/ [索取号:H312/2] | 在馆 | |
| 5 | 0392245 | 203922452 | 第四借阅区/ [索取号:H312/2] | 在馆 |